书目信息 |
| 题名: |
史记故事选译
|
|
| 作者: | 粱弼 选译 | |
| 分册: | 一 | |
| 出版信息: | 上海 上海古籍出版社 1978 |
|
| 页数: | 109页 | |
| 开本: | 19cm | |
| 丛书名: | ||
| 单 册: | ||
| 中图分类: | H159 | |
| 科图分类: | ||
| 主题词: | 古代史-中国--纪传体--通俗读物 , 汉语--翻译 | |
| 电子资源: | ||
| ISBN: | ||
| 000 | 00708nam0 2200265 45 | |
| 001 | 0178002571 | |
| 005 | 20070708104031.12 | |
| 010 | @dCNY0.27 | |
| 091 | @a10186.13 | |
| 100 | @a19950719d1978 em y0chiy0121 ea | |
| 101 | 0 | @achi |
| 102 | @aCN@b310000 | |
| 105 | @ay z 000zy | |
| 200 | 10 | @a史记故事选译@Ashi ji gu shi xuan yi@h一@f粱弼选译 |
| 210 | @a上海@c上海古籍出版社@d1978 | |
| 215 | @a109页@d19cm | |
| 300 | @a中国古典文学作品选读 | |
| 605 | @a史记@x译文 | |
| 606 | @a古代史-中国@x纪传体@x通俗读物 | |
| 606 | 0 | @a汉语@x翻译 |
| 607 | @a中国@x古代史@x纪传体@x通俗读物 | |
| 690 | @aH159@v3 | |
| 701 | 0 | @a粱弼@Aliang bi@4选译 |
| 801 | 0 | @aCN@bNLC@c20070708 |
| 905 | @f1@b657@dH159@e1:1 | |
| 史记故事选译.一/粱弼选译.-上海:上海古籍出版社,1978 |
| 109页;19cm |
| 中国古典文学作品选读 |
| ISBN :CNY0.27 |
| ● |
| 相关链接 |
|
|
|
|
正题名:史记故事选译
索取号:H159/1:1
 
预约/预借
| 序号 | 登录号 | 条形码 | 馆藏地/架位号 | 状态 | 备注 |
| 1 | 0000657 | 000184062 | 第四借阅区/ [索取号:H159/1:1] | 在馆 | |
| 2 | 0000658 | 001898094 | 密集书库/ [索取号:H159/1:1] | 在馆 | |
| 3 | 0061155 | 000855104 | 第四借阅区/ [索取号:H159/1:1] | 在馆 | |
| 4 | 0061156 | 000855140 | 第四借阅区/ [索取号:H159/1:1] | 在馆 | |
| 5 | 0061157 | 000855159 | 第四借阅区/ [索取号:H159/1:1] | 在馆 | |
| 6 | 0061158 | 000855113 | 第四借阅区/ [索取号:H159/1:1] | 在馆 | |
| 7 | 0061159 | 000855122 | 第四借阅区/ [索取号:H159/1:1] | 在馆 | |
| 8 | 0061160 | 000855195 | 第四借阅区/ [索取号:H159/1:1] | 在馆 | |
| 9 | 0061161 | 000855131 | 第四借阅区/ [索取号:H159/1:1] | 在馆 | |
| 10 | 0061162 | 000855168 | 第二样本阅览室/ [索取号:H159/1:1] | 在馆 | |
| 11 | 0061163 | 001898058 | 密集书库/ [索取号:H159/1:1] | 在馆 | |
| 12 | 0466270 | 204662702 | 密集书库/ [索取号:H159/1:1] | 在馆 | |
| 13 | 0466271 | 204662711 | 密集书库/ [索取号:H159/1:1] | 在馆 | |
| 14 | 0471613 | 204716138 | 密集书库/ [索取号:H159/1:1] | 在馆 |